[Event "EU-ch 17th"]
[Site "Gjakova"]
[Date "2016.05.14"]
[Round "3"]
[White "Vallejo Pons, Francisco"]
[Black "Palac, Mladen"]
[Result "1-0"]
[WhiteElo "2700"]
[BlackElo "2577"]
[Annotator "Ftacnik,L"]
[PlyCount "55"]
[EventDate "2016.05.12"]
[EventType "swiss"]
[EventRounds "11"]
[EventCountry "KOS"]
[SourceTitle "CBM 173"]
[Source "ChessBase"]
[SourceDate "2016.07.12"]
[SourceVersion "1"]
[SourceVersionDate "2016.07.12"]
[SourceQuality "1"]

1. e4 c5 2. Nf3 d6 3. d4 cxd4 4. Nxd4 Nf6 5. Nc3 a6 6. Bg5 e6 7. f4 h6 8. Bh4
Qb6 {The Poisoned Pawn is not an easy line for either side as the system of
the player with Black contradicts most rational rules of how to conduct the
opening.} (8... Be7 9. Bf2 Qc7 10. Bd3 b5 11. a3 Bb7 12. Qe2 (12. g4 g5 13. h4
gxf4 14. Rg1 h5 15. g5 Ng4 16. Qf3 Nc6 17. g6 Nxd4 18. gxf7+ Kf8 19. Bxd4 Bxh4+
20. Kd1 e5 $19 {0-1 (32) Pineda Polanco,A (2297)-Pinto Pinares,M (2231) Maipu
2003}) 12... Nbd7 13. O-O (13. O-O-O Nc5 14. Rhe1 Rc8 15. Kb1 O-O 16. g4 d5 17.
exd5 Nxd5 18. Nxd5 Bxd5 19. g5 Nxd3 20. Qxd3 Qxf4 21. Be3 Qxh2 $17 {0-1 (40)
Tantsiura,M (2167)-Rodriguez Rueda,P (2145) Caldas Novas 2011}) 13... g5 14. f5
e5 15. Nb3 h5 (15... Bd8 16. Rad1 Qc6 17. Rfe1 Bb6 18. Bxb6 Qxb6+ 19. Qe3 Rc8
20. Qxb6 Nxb6 21. Na5 Ba8 22. Rd2 Ke7 23. Na2 Nc4 24. Bxc4 bxc4 $17 {0-1 (59)
Silva Villalon,R (2135)-Pinto Pinares,M (2200) Santiago de Chile 2007}) 16.
Rad1 h4 17. Rd2 Nh5 18. Rfd1 Nf4 19. Qe1 Nf6 20. Bf1 O-O-O 21. Nd5 N4xd5 22.
exd5 Kb8 23. c4 $14 {1-0 (32) Ginsburg,G (2493)-Weber,U (2290) Germany 2002})
9. a3 {Vallejo has no interest in testing his opponent on opening knowledge
running to move 25-30. The modest a-pawn advance excludes the possibility of ..
.Qxb2.} (9. Qd2 Qxb2 $13) 9... Be7 10. Bf2 Qc7 11. Bd3 Nbd7 {The Sicilian
Defence is the most commonly used system in tournament practice. The Najdorf
variation is the flagship of the whole Sicilian family with many games played
in nearly every line.} (11... b5 12. O-O (12. Bg3 Nbd7 13. Qe2 Nc5 14. O-O O-O
15. Kh1 Bb7 16. Rad1 Rad8 17. h3 Rfe8 18. Bh2 Bf8 19. Qe3 Rd7 20. Nde2 Qd8 21.
Bg1 e5 22. fxe5 Rxe5 23. Ng3 d5 $15 {0-1 (34) Heimann,A (2485)-Zhigalko,A 
(2555) Rogaska Slatina 2011}) 12... Bb7 13. Qe2 Nc6 14. Rae1 Rd8 15. Nxe6 fxe6
16. e5 dxe5 17. fxe5 Nxe5 18. Qxe5 Qxe5 19. Rxe5 Kf7 20. Rfe1 Rd6 21. Bf5 Bc8
22. Bc5 Rd5 23. Rxd5 Nxd5 24. Bxe7 Nxc3 25. Bb4 exf5 26. Bxc3 Rd8 $11 {1/2-1/2
(40) Najer,E (2674)-Oparin,G (2563) Moscow 2015}) 12. Qe2 (12. Qf3 b5 13. g4 (
13. O-O Bb7 14. Rae1 g5 15. Nd5 exd5 16. exd5 Nxd5 17. Nf5 gxf4 18. Nxe7 Nxe7
19. Rxe7+ Kxe7 20. Bh4+ f6 21. Qxf4 Raf8 22. Re1+ Kd8 $19 {0-1 (31) Sygulski,B
(2253)-Luch,M (2429) Poronin 2013}) 13... g5 14. fxg5 Ne5 15. Qg2 hxg5 16. h3
Bb7 17. O-O-O Nfd7 18. Kb1 Rc8 19. h4 gxh4 20. g5 Rg8 21. Rxh4 Rxg5 22. Qh2 Ng6
$15 {0-1 (50) Geshko,A (1976)-Krstulovic,A (2119) Porec 2015}) 12... b5 13.
O-O-O {Every main decison has advantages, but drawbacks as well. Long castling
makes the position even more sharp and centralises the white rook to d1.} (13.
O-O Bb7 14. Rae1 Rc8 15. e5 dxe5 16. fxe5 Nd5 17. Qg4 g5 18. Kh1 Nf4 19. Be4
Nxe5 20. Qd1 Nc4 21. Qc1 b4 22. axb4 Bxb4 23. Bg3 Bxe4 24. Rxe4 Bxc3 25. bxc3
Qb7 26. Rfxf4 gxf4 27. Qxf4 $11 {0-1 (29) Vargyas,Z (2121)-Krstulovic,A (2331)
Hungary 2015}) 13... Bb7 (13... Rb8 14. Rhe1 Nc5 15. e5 dxe5 16. fxe5 Nfd7 17.
Ne4 O-O 18. Bg3 b4 19. a4 Bb7 20. Nf6+ Kh8 21. b3 Rbd8 22. Kb1 Nb6 $17 {
0-1 (27) Weinzettl,E (2305)-Kislik,E (2408) Tabor 2012}) 14. g4 {White choses
a perfect moment for starting the pawn storm against the black position. The
decisive factor should be the level of mobilisation of the white pieces and
the risk connected with the adversary still trying to catch up.} (14. Kb1 Rc8
15. g4 g5 16. h4 Rg8 17. hxg5 hxg5 18. fxg5 Rxg5 19. Rh8+ Nf8 20. Bh4 Rg7 21.
Bxb5+ axb5 22. Bxf6 Bxf6 23. Ndxb5 $18 {1-0 (31) Liang,A (2383)-Yanayt,E (2213)
Las Vegas 2015}) 14... g6 15. f5 e5 16. Nb3 g5 {Palac must have been agonizing
about the question where to hide the black king. The decision to aim for the
queenside seems perfectly rational as it lessens the risk of a violent attack
by White.} (16... O-O 17. Be3 Kg7 18. Qg2 $1 $16) 17. h4 Rg8 (17... gxh4 18.
Kb1 Nc5 19. Bxh4 $14) 18. hxg5 hxg5 (18... Rxg5 $5 19. Rdg1 O-O-O 20. Be3 Rgg8
21. Rxh6 d5 22. g5 $1 $16) 19. Kb1 (19. Rh6 Bf8 $16) 19... Nc5 (19... Bf8 20.
Bg1 Nc5 21. Nxc5 dxc5 22. Nd5 Bxd5 23. exd5 O-O-O 24. c4 e4 25. Bc2 Qa5 26. Rh3
$16) 20. Rh6 $6 {The big problem in chess is the question of execution, even
if the main idea as to what to play for is quite well defined. It seems that
Vallejo Pons is missing the most promising line starting with the exchange of
the knights on the c5-square.} (20. Nxc5 $1 dxc5 21. Nd5 $1 Nxd5 22. exd5 O-O-O
23. Be4 f6 24. c4 $16) 20... O-O-O $2 (20... Nxb3 $1 21. cxb3 Bc6 22. Rc1 Qb7
23. b4 Kd7 $14) 21. Nd5 $1 {[%mdl 32] White is ready to deliver blows and now
he does it with great accuracy on the most vulnerable spot.} Bxd5 (21... Nxd5
22. exd5 Rh8 23. Rxh8 Rxh8 24. Nxc5 dxc5 25. c4 bxc4 26. Bxc4 Rh2 27. Bxa6 Bxa6
28. Qxa6+ Qb7 29. Qe2 $16) 22. exd5 Rh8 {The defender seems to have lost his
main chances for effective resistance and it is difficult to find an
improvement.} (22... Nxb3 23. cxb3 Kb8 24. Rxf6 Bxf6 25. Rc1 Qb7 26. Rc6 e4 27.
Bxb5 axb5 28. Rb6 $18) (22... e4 23. Nxc5 exd3 24. Nxd3 Rde8 25. Qf3 Qc4 26.
Ne5 dxe5 27. d6 $16) (22... Nxd3 23. Rxd3 Kd7 24. Nc5+ Ke8 25. Ne4 Nxe4 26.
Qxe4 $16) 23. Nxc5 $1 dxc5 (23... Rxh6 24. Nxa6 Qb7 25. Bxb5 Ne4 26. Qc4+ Nc5
27. b4 $18) 24. d6 $1 {Nimzowitsch would have been happy at such a direct
vindication of his ideas about hitting the opponent at his strong point There
is no satisfactory way of recapturing on d6.} Bxd6 (24... Qxd6 25. Rxh8 Rxh8
26. Bxb5 Qxd1+ (26... Qc7 27. Bxa6+ Kb8 28. Bg3 $18) 27. Qxd1 axb5 28. Qe2 $18)
25. Rxf6 Qe7 26. Qe4 $1 {The Spanish chess star certainly knows how to exploit
the opponent's distress. Direct attack will shorten the way to victory.} Qxf6 (
26... Kc7 27. Qd5 Qxf6 28. Be4 Kd7 29. Qc6+ Ke7 30. Bxc5 Kf8 31. Bxd6+ Kg7 32.
Rd5 Rh6 33. Bxe5 Qxe5 34. Qxh6+ Kxh6 35. Rxe5 $18) 27. Qc6+ Kb8 28. Be4 1-0

[Event "Interzonal-15"]
[Site "Manila"]
[Date "1990.??.??"]
[Round "2"]
[White "Spraggett, Kevin"]
[Black "Gelfand, Boris"]
[Result "0-1"]
[WhiteElo "2540"]
[BlackElo "2680"]
[Annotator "Ftacnik,L"]
[PlyCount "58"]
[EventDate "1990.06.29"]
[EventType "swiss"]
[EventRounds "13"]
[EventCountry "PHI"]
[SourceTitle "CBM 019"]
[Source "ChessBase"]
[SourceDate "1990.12.01"]
[SourceVersion "1"]
[SourceVersionDate "1990.12.01"]
[SourceQuality "1"]

1. e4 c5 2. Nf3 d6 3. d4 cxd4 4. Nxd4 Nf6 5. Nc3 a6 6. Bg5 e6 7. f4 Qc7 8. Bd3
$6 (8. Bxf6) 8... b5 9. Qe2 b4 10. Nd1 Nbd7 11. Nf2 Bb7 $1 12. O-O (12. O-O-O
$5 Be7 13. Kb1 $5 {/\ e5} (13. Rhe1 Nc5 14. Kb1 $10)) 12... Be7 13. Nf3 (13.
Rae1 h6 $1 14. Bh4 (14. Bxf6 Nxf6 15. e5 dxe5 16. fxe5 Nd5 17. Qg4 (17. Nxe6 $6
fxe6 18. Qh5+ Kd8 $19) 17... O-O-O $17) 14... g5 $1 15. fxg5 hxg5 16. Bxg5 Ne5
$1 {/\ 0-0-0, Rdg8|^}) 13... h6 14. Bh4 Nh5 $1 15. Bxe7 $6 (15. Nh3 $1 Bxh4 16.
Nxh4 Nhf6 17. Nf3 e5 $15) 15... Nxf4 16. Qd2 Nxd3 17. cxd3 Kxe7 18. Qxb4 Qb6 $1
$17 19. Qa3 $6 $138 (19. Qxb6 $142 Nxb6 20. Rfc1 Rac8 21. Kf1 {/\ Ke2-d2})
19... Rhc8 20. Rac1 a5 $1 {/\ Qb4} 21. b3 Nc5 22. Rcd1 Kf8 23. Qb2 a4 $1 24. b4
a3 25. Qd2 Na4 26. d4 $6 (26. Kh1 Nc3 27. Rde1 Qxb4 28. Ng4 {/\} h5 $5 29. Nh6)
26... Ba6 $19 27. Rfe1 Nc3 28. Ra1 Qxb4 29. Nd1 Rab8 0-1

[Event "Linares 11th"]
[Site "Linares"]
[Date "1993.??.??"]
[Round "9"]
[White "Kamsky, Gata"]
[Black "Gelfand, Boris"]
[Result "0-1"]
[WhiteElo "2655"]
[BlackElo "2690"]
[Annotator "Gelfand,B"]
[PlyCount "160"]
[EventDate "1993.02.??"]
[EventType "tourn"]
[EventRounds "13"]
[EventCountry "ESP"]
[EventCategory "18"]
[SourceTitle "CBM 034"]
[Source "ChessBase"]
[SourceDate "1993.06.01"]
[SourceVersion "1"]
[SourceVersionDate "1993.06.01"]
[SourceQuality "1"]

1. e4 {Boensch} c5 2. Nf3 d6 3. d4 cxd4 4. Nxd4 Nf6 5. Nc3 a6 6. Bg5 e6 7. f4
Nbd7 8. Qf3 Qc7 9. O-O-O b5 10. e5 Bb7 11. Qh3 dxe5 12. Nxe6 fxe6 13. Qxe6+ Be7
14. Nxb5 (14. Bxf6 {Boensch} gxf6 15. Be2 h5 16. Nd5 Bxd5 17. Rxd5 Nc5 (17...
Nb6 18. Bxh5+ Rxh5 19. Qg8+ Bf8 20. Qe6+ Be7 21. Qg8+ Bf8 22. Qe6+ {1/2
Chiburdanidze,M-Brunner,L Graz (12) 1991}) 18. Qf5 Qc6 19. Qg6+ Kf8 20. Rhd1
Qe8 21. Qf5 Qc8 22. Qg6 Qe6 23. Bxh5 Qg8 24. Rd8+ Rxd8 25. Rxd8+ {1/2 Van der
Wiel,J-Kasparov,G Amsterdam Euwe-mem (1) 1991}) (14. Bxb5 {Boensch} axb5 15.
Nxb5 Qc6 16. Nd6+ Kd8 17. fxe5 Kc7 18. Bxf6 gxf6 19. Qxe7 Rxa2 20. Nxb7 Ra1+
21. Kd2 Qd5+ 22. Ke2 Qxg2+ 23. Ke3 Qg5+ 24. Kd3 Qf5+ 25. Ke2 {1/2 Winsnes,
R-Svensson,B SVE-ch (08) 1991}) 14... axb5 15. Bxb5 Be4 16. Rd2 (16. c3 {
Boensch} Rd8 $146 (16... O-O-O 17. Qxe7 Qb6 $2 (17... h6 $13) 18. Qb4 Qe3+ 19.
Rd2 h6 20. Ba6+ {1-0 Van der Wiel,J-Gutman,L Amsterdam op 1984}) 17. fxe5 Bd5
18. Rxd5 Nxd5 19. Rd1 Qb6 20. Bc6 Qxc6 $8 21. Qxc6 Bxg5+ 22. Kb1 Ne3 23. Qe6+
Be7 24. Rd3 Rf8 $1 $13 {(Paunovic,T) -Inf.53/235}) 16... Kf8 17. Bc4 Bg6 18.
Bxf6 (18. fxe5 {Boensch} Nxe5 $17) 18... Nxf6 19. fxe5 Bb4 20. Rf2 (20. c3 {
Boensch} Re8 $17) 20... Bf7 (20... Re8 $2 {Boensch} 21. Rxf6+ gxf6 22. Qxf6+
$18) 21. Qxf7+ (21. Rxf6 {Boensch} gxf6 22. Qxf6 Rg8 23. e6 Rg7 $19) 21... Qxf7
22. Bxf7 Kxf7 23. a3 $1 (23. exf6 $2 Rxa2 $19 (23... Rxa2 {Boensch} 24. fxg7+
Kxg7 $19)) 23... Be7 (23... Bc5 $142 24. Rf3 Bd4 25. exf6 gxf6 $5 $15 {
Wittman-Gutman/1985/}) 24. exf6 Bxf6 25. c3 h5 26. Rd1 $6 (26. Re2 $5 h4 27. h3
Rh5 28. Rd1 $10) 26... h4 27. h3 Rhe8 $15 28. Rd7+ Kg6 29. Kd1 {/\ Re2} Rab8
30. Rdd2 Rb6 $1 31. Rfe2 (31. Rde2 $142) 31... Reb8 {xb2} 32. Rf2 Bg5 33. Rde2
R8b7 $1 {(.)} 34. a4 Bf6 35. Kc1 Ra6 36. Re4 Rba7 37. b3 Bxc3 (37... Rc7 {
Boensch} 38. c4 $10) 38. Rg4+ Kh5 39. Rf5+ Kh6 40. Rxh4+ Kg6 41. Rc5 Bf6 42.
Rg4+ Kh6 43. Kc2 (43. Re4 Rd6 44. Kc2 Rad7 45. Re2 Rd1 $40) 43... Re6 (43...
Rd7 44. a5 Re6 45. b4) 44. a5 (44. Kd3 $142 $5) 44... Re3 45. b4 Ra3 $6 (45...
Rd7 46. b5 $1 Ra3 47. b6 $132) (45... Rae7 $1 46. a6 $1 Ra3 47. Ra5 Re2+ 48.
Kd1 Rxa5 49. Kxe2 Rxa6 $17) 46. Re4 Rd7 (46... Ra2+ 47. Kb3 Rxg2 48. Ka4 $132)
47. g4 $1 {/\ h4} Bg5 48. Re6+ (48. Kb2 $2 Rxh3 (48... Rdd3 49. Re6+ g6 50. h4)
49. b5 Rd2+ 50. Rc2 Bf6+ 51. Kc1 Rd5 $1 $19) (48. h4 $5 Rd2+ 49. Kb1 Be3 $8 50.
Rc2 Rdd3 $1 $17 (50... Rd1+ 51. Kb2 Rad3 52. Re2 $3 {/\ Kc2})) 48... g6 49. Kb2
(49. h4 Rd2+ 50. Kb1 Bf4 $19) 49... Rxh3 50. Rc3 Rh4 51. a6 (51. Rcc6 $1 Rxg4
52. Rxg6+ Kh5 53. Rgd6 $10) 51... Rxg4 52. Kb3 $6 (52. b5 $5) 52... Rdd4 53.
Rh3+ (53. Rb6 Be7) (53. Rcc6 Rxb4+ 54. Kc3 Rbf4 55. Rxg6+ Kh5 $17) 53... Kg7
54. Rb6 Be7 55. a7 (55. b5 Ra4 $17) 55... Rxb4+ 56. Kc2 (56. Rxb4 {Boensch}
Rxb4+ 57. Kc3 Ra4 $19) 56... Ra4 57. Rb7 Rge4 58. Rc3 Kf6 59. Rc8 (59. Rf3+ $5
Ke6 60. Rc3 $17) 59... Re2+ 60. Kd3 Rea2 $19 61. Rc6+ Kf7 62. Rcc7 R4a3+ 63.
Kc4 $6 (63. Kd4 $142 Rd2+ 64. Ke5 Re2+ 65. Kd5 g5 66. Rc8 Rd2+ 67. Ke5 Rda2 68.
Rcc7 Re2+ 69. Kd4 (69. Kf5 Ra4 $19) (69. Kd5 Ra4 $19) 69... g4 $19) (63. Ke4 {
Boensch} Re2+ 64. Kd5 Kf6 $19) 63... Rc2+ 64. Kb5 Rb3+ 65. Ka4 Ra3+ 66. Kb5
Rb2+ 67. Kc6 Ra6+ 68. Kd5 Rxb7 (68... Ra5+ $142 69. Kc4 (69. Kc6 Rc5+ 70. Kd7
Rd2+ 71. Kc8 Rd8#) 69... Rxb7 70. Rxb7 g5 $19) 69. Rxb7 Ra5+ $1 70. Kc6 Ke6 71.
Rc7 (71. Kb6 Bd8+ 72. Kc6 Bf6 73. Rd7 Be5 74. Kb6 Rxa7 75. Rxa7 Bd4+ $19) 71...
Bc5 $1 72. a8=Q Rxa8 73. Kxc5 Rd8 74. Rh7 g5 75. Kc4 Kf5 76. Rf7+ Ke4 77. Re7+
Kf4 78. Rf7+ Kg3 79. Kc3 g4 80. Rg7 Kf3 0-1

[Event "EU-chT (Men) 15th"]
[Site "Gothenburg"]
[Date "2005.08.03"]
[Round "5.1"]
[White "Radjabov, Teimour"]
[Black "Gelfand, Boris"]
[Result "0-1"]
[WhiteElo "2682"]
[BlackElo "2724"]
[Annotator "Gelfand,B"]
[PlyCount "62"]
[EventDate "2005.07.30"]
[EventType "team-swiss"]
[EventRounds "9"]
[EventCountry "SWE"]
[SourceTitle "CBM 109"]
[Source "ChessBase"]
[SourceDate "2005.11.14"]
[SourceVersion "1"]
[SourceVersionDate "2005.11.14"]
[SourceQuality "1"]
[WhiteTeam "Azerbaijan"]
[BlackTeam "Israel"]
[WhiteTeamCountry "AZE"]
[BlackTeamCountry "ISR"]

1. e4 {Gofshtein} c5 2. Nf3 d6 3. d4 cxd4 4. Nxd4 Nf6 5. Nc3 a6 6. Bg5 e6 7. f4
Nbd7 8. Bc4 Qb6 9. Qd2 (9. Bb3 Be7 10. f5 Nc5 11. fxe6 fxe6 12. Na4 (12. Be3 {
-16/466}) 12... Qc7 13. Nxc5 dxc5 (13... Qxc5 14. Be3 Qe5 15. O-O $16) 14. Nxe6
(14. Bxf6 Bxf6 15. Nxe6 Qe5 16. Qd5 Qxe6 17. Qxe6+ Bxe6 18. Bxe6 Bxb2 $11)
14... Bxe6 15. Bxe6 Qe5 16. Bxf6 (16. Bf5 Rd8 17. Qf3 g6 18. Bf4 Qxb2 $19)
16... Qxe4+ 17. Qe2 (17. Kf2 Qxe6 18. Bxe7 Qxe7 19. Re1 O-O+ 20. Kg1 $11) 17...
Qxe2+ 18. Kxe2 Bxf6 $11 {Radjabov,T-Gelfand,B/Merida,ESP-TCH 2005}) 9... Qxb2
10. Rb1 Qa3 11. Bxe6 $6 {Gofshtein: 'A relatively new idea which was seen only
in one game before. White sacrifices a piece and gets a long-term initiative'}
(11. f5 $6 e5 12. Ne6 fxe6 13. fxe6 Nc5) 11... fxe6 12. Nxe6 Kf7 (12... Qa5 13.
O-O Kf7 (13... h6 {Gofshtein} 14. Bh4 Kf7 15. f5 Be7 16. Qd3 Ne5 17. Qh3 b5 18.
Bxf6 Bxf6 19. Qh5+ Kg8 20. Nd5 $13 {1-0 Beil,Z-Watzlawek,M/Sueder 1996/EXT
2001 (35)}) 14. f5 {-12...Kf7}) 13. f5 (13. Nd8+ Kg8 14. O-O (14. Ne6 Qa5 15.
Nxf8 Kxf8 16. Qxd6+ Kf7) (14. Nxb7 Bxb7 15. Rxb7 Qc5 $19 {Olthof,R}) 14... Qc5+
15. Kh1 Qc4 16. Rfe1 h6 $17) (13. e5 dxe5 14. fxe5 Nxe5 15. Nxf8 Rxf8 16. Bxf6
gxf6 17. O-O Kg7 $19 {Olthof,R}) 13... Qa5 14. O-O b5 $1 {Gofshtein: 'Black
opens the way for his light squared bishop, trying to finish the development.'}
(14... Be7 15. Qe3 b5 16. Qg3 $36) 15. a4 (15. Nxf8 Rxf8 16. Qxd6 Re8 $19)
15... Bb7 $1 {Gofshtein: 'This way black activates his pieces on the queenside.
'} (15... b4 16. Bxf6 $1 (16. Nd5 Nxe4 17. Qd4 Bb7 18. Ndc7 d5 19. Nxa8 Bxa8
$19) 16... Nxf6 17. Ng5+ Kg8 18. Nd5 $13) 16. axb5 Rc8 17. bxa6 {'?!'
Gofshtein. Gofshtein: '17.Rb3 deserved attention, not letting the black bishop
to get into the game.'} (17. Rb3 $5 {Gofshtein} axb5 18. Rxb5 Qxc3 19. Qxc3
Rxc3 20. Rxb7) 17... Bxa6 18. Rf3 Be7 19. Rg3 (19. Qe1 Bc4 20. Ra1 Qb6+ 21. Be3
Qc6 22. Ra7 Ne5 (22... Bxe6 23. fxe6+ Kxe6 24. Ne2 $1) (22... Rhe8 23. Qg3 Bf8
24. Bd4 (24. Nd4 Qb6) 24... Bxe6 25. fxe6+ Rxe6 26. Nd5 Rxe4 $17) 23. Rg3 g6
$17) (19. Qd1 Rxc3 20. Bd2 Rxf3 21. Ng5+ Ke8 22. Bxa5 Rf1+ $19) 19... Rhg8 (
19... Bc4 20. Bxf6 Bxf6 21. Qxd6 Qa7+ 22. Kh1 $13) (19... Rc6 20. Qd1 $1 (20.
Nd5 Qxd2 21. Bxd2 Rg8 22. Ng5+ Ke8 23. Ra3 Bc8 $19)) (19... Nf8 20. Qd1 $1 $132
) (19... g6 $5 {Olthof,R}) (19... Rb8 $5 20. Rd1 (20. Re1 Rhc8) 20... Rhc8 21.
Bh4 Nh5 22. Bxe7 Nxg3 23. Qxd6 Qb6+ 24. Qxb6 Nxb6 $17) 20. Qe1 (20. Bxf6 Nxf6
21. Ng5+ Ke8 {'-/+' Gofshtein.}) (20. Qd1 $5 {Notkin,M} Bc4 (20... Rxc3 21. Bd2
{[%csl Ya5,Gb6,Gc5,Gg1]} Rgc8 (21... Nxe4 22. Qh5+ Kf6 23. Qh4+ Kf7 $11 24.
Qxe4 $2 Qa2 25. Rxc3 Qxb1+ 26. Kf2 Qf1+ 27. Kg3 Qe2) 22. Bxc3 (22. Qe1 $6 Rxg3
$1 23. Bxa5 Ra3 $8 24. Bb4 Ra2 25. Qg3 Rcxc2 26. Qxg7+ Ke8 $19 {Olthof,R}) (22.
Rxg7+ Ke8 23. Bg5 $44) 22... Rxc3 23. Qe1 Ra3 24. Rxg7+ Ke8 25. Qxa5 Rxa5 26.
Nc7+ Kf8 27. Ne6+ $11) 21. Ra1 (21. Rb7 Ke8 (21... Bxe6 22. fxe6+ Kxe6 23. Bxf6
Nxf6 24. Nd5 $36) 22. Bxf6 (22. Bd2 Qa6) 22... Nxf6 23. Nxg7+ Kf8 $19) 21...
Qb6+ 22. Be3 Qc6 23. Ng5+ Ke8 $17) 20... Bc4 21. Ra1 (21. Bd2 Bxe6 22. fxe6+
Kxe6 23. Nb5 Qb6+ 24. Be3 Qd8 $19 (24... Qa6 25. Bf2 Kf7 26. Ra3 Qc6 27. Rc3))
(21. Rb7 Bxe6 22. fxe6+ Kxe6 23. Bxf6 Bxf6 24. Qd1 Rgd8 $1 $19 {Notkin,M})
21... Qb6+ 22. Be3 Qc6 23. Nd4 (23. Bd4 Bxe6 24. fxe6+ Kxe6) (23. Ng5+ Ke8 24.
Bd4 (24. Nf3 Ne5) 24... h6 (24... Nh5 25. Rg4 Bf6 $19) 25. Ne6 Kf7 $18) 23...
Qc7 24. Nf3 Rge8 25. Ra7 Qb8 26. Bd4 Bf8 27. Qc1 (27. Bxf6 Qxa7+) 27... Rc7 28.
Ra5 Kg8 29. Qg5 (29. Qh6 Kh8) 29... Nxe4 30. Nxe4 Qb1+ 31. Kf2 Qf1+ 0-1